|
|
|
|
| LEADER |
00000cam a2200000 7i4500 |
| 001 |
0000003144 |
| 005 |
20050217.0 |
| 020 |
0 |
0 |
|a 9678913046
|
| 090 |
0 |
0 |
|a 343.5950929
|b MAL
|
| 110 |
1 |
0 |
|a Malaysia
|
| 240 |
0 |
0 |
|a Akta Bekalan Elektrik, 1990 . \l English
|
| 245 |
1 |
0 |
|a Electricity Supply Act 1990 (Act 447) and Electricity Supply (Successor Company) Act 1990 (Act 448) & Regulations and Rules :
|b (as at 25th October 2002)
|c compiled by Legal Reserach Board
|
| 260 |
0 |
0 |
|a Petaling Jaya :
|b International Law Book Services ,
|c 2002
|
| 300 |
|
|
|a 170p. ;
|c 25cm.
|
| 440 |
0 |
0 |
|a Laws of Malaysia
|
| 650 |
0 |
0 |
|a Electric utilities
|x Law and legislation
|z Malaysia
|
| 710 |
1 |
1 |
|a Malaysia.
|t Akta Bekalan Elektrik (Syarikat Pengganti), 1990
|
| 710 |
2 |
1 |
|a Lembaga Penyelidikan Undang-Undang
|
| 999 |
|
|
|a 0000005835
|b Monograph
|c Open Shelf
|e Default branch
|